Pyramids and progress: sketches from Egypt. By John Ward, F. S. A. with an introduction by the rev. professor Sayce, D. D., LL. D., &c

Salvato in:
Dettagli Bibliografici
Autore principale: Ward, John (Autore)
Natura: Libro
Lingua:inglese
Pubblicazione: Londres Eyre and Spottiswoode 1900
Edizione:1a. ed
Soggetti:
Tags: Aggiungi Tag
Nessun Tag, puoi essere il primo ad aggiungerne!!

MARC

LEADER 00000nam a2200000 a 4500
001 UCJ6568
003 CL-VaPUC
008 070124e19000000UK |||||||||||||||||eng|d
082 0 4 |a 932  |b WAR  |2 21 
100 0 |a Ward, John  |e author  |9 513439 
245 1 0 |a Pyramids and progress: sketches from Egypt. By John Ward, F. S. A. with an introduction by the rev. professor Sayce, D. D., LL. D., &c 
250 |a 1a. ed 
300 |a xx, 288 p 
942 |c BK 
945 |d 20070124 00:00:00  |a rinostro 
260 |a Londres  |b Eyre and Spottiswoode  |c 1900 
500 |a Ilustraciones conforme a lo señalado en índice. Al final, 16 pp de publicidad de libros, viajes, etc., relacionados con Egipto 
650 7 |a EGIPTOLOGIA  |2 CL-VaPUC  |9 265780 
650 0 |a Arqueología   |9 265619 
650 0 |a Geografía  |9 259346 
650 0 |a Viajes  |9 257115 
650 0 |a Monumentos  |9 265246 
650 7 |a PIRAMIDES  |2 CL-VaPUC  |9 310788 
650 0 |a Arquitectura  |9 804558 
650 7 |a JEROGLIFICOS  |2 CL-VaPUC  |9 265779 
650 0 |a Paleografía   |9 264942 
650 7 |a FARAONES  |2 CL-VaPUC  |9 389592 
650 0 |a Ilustraciones  |9 369481 
650 0 |a Publicidad comercial  |9 377167 
651 0 |a Egipto   |9 268199 
583 |a last modification  |c 20070124 00:00:00  |k Rodrigo Vera 
999 |c 322670  |d 322668 
952 |0 0  |1 0  |4 0  |6 932_000000000000000_WAR_1900  |7 0  |8 X  |9 401721  |a FDOBUD  |b FDOBUD  |d 2019-11-22  |i 1049739  |o 932 WAR 1900  |p 1049739  |r 2019-11-22  |w 2019-11-22  |y BK_X  |k BUD